000
00333 a2200109 4500
001
ART_41485
005
20260410162001.0
008
260409a
245
1
0
_a
¿Reforma judicial: políticas públicas?
100
1
_a
Vanossi, Jorge Reinaldo A.
773
0
_t
Pensar en derecho
_g
- Año 4, Nº 6 (ago. 2015)
_w
REV28996
999
_c
31328
_d
31328